000 00418nam a22001817a 4500
003 MPLRDC
005 20220104170539.0
008 210129b ||||| |||| 00| 0 eng d
020 _a0-553-27572-0
082 _a870.57 ASI-2
100 _aISAAC ASIMOV
245 _aFANTASTIC VOYAGE
_c
250 _a重印
260 _a
_bBANTAM BOOKS
_c1988
300 _b
650 _aFICTION
942 _cBK
_o870.57 ASI-2
999 _c58000
_d57990